000
00290nam a22001217a 4500
020
_a
9788173199394
082
_a
624.
_b
DEV/AD
100
_a
Devdas Menom
_9
663
245
_a
Advanced Structural Analysis
260
_a
New Delhi
_b
Narosa Publishing House
_c
2012
300
_a
685
942
_c
BK
999
_c
14410
_d
14410